Windows xp : manual del usuario /

Guardado en:
Autor Principal: Mazzola, Nicolás
Formato: Libro
Publicado: Buenos Aires : Mp Ediciones
Series:Col.manuales Users
Materias:
Etiquetas: Agregar Etiqueta
Sin Etiquetas, Sea el primero en etiquetar este registro!
LEADER 00855nam a22002175a 4500
001 CEM.cems011630
005 20071022110730.0
008 130507b######################000#0#####d
003 CEMS
020 |a 9875261092 
082 0 4 |a 001.6425 
100 1 |a Mazzola, Nicolás 
245 1 0 |a Windows xp :  |b manual del usuario /  |c Nicolás Mazzola 
260 |a Buenos Aires :  |b Mp Ediciones 
300 |a 328 p. 
490 0 |a Col.manuales Users 
505 0 |a Descripción general -- El nuevo escritorio -- Carpetas y archivos -- Explorador de Windows -- Configuración y personalización -- Impresoras y fax -- Herramientas del sistema -- Accesorios -- Multimedia -- Internet -- Servicios al lector 
653 |a Computación 
653 |a Windows xp 
653 |a Sistemas operativos 
859 |a CEMS  |b BIB. CEMS - 11 de abril  |h 001.6425  |i M459  |p 22589.04  |t Ej.1